<?xml version="1.0" encoding="UTF-8" ?>
<collection xmlns="http://www.loc.gov/MARC21/slim"><record><leader>00922nam a2200229 nc4500</leader><controlfield tag="001">25910</controlfield><controlfield tag="003">CH-000273-5</controlfield><controlfield tag="005">20161223145902.0</controlfield><datafield tag="035" ind1=" " ind2=" "><subfield code="a">(OCoLC)906881974</subfield></datafield><datafield tag="041" ind1=" " ind2=" "><subfield code="a">ger</subfield></datafield><datafield tag="100" ind1="1" ind2="0"><subfield code="a">Schwitters, Kurt </subfield><subfield code="d">1887-1948</subfield></datafield><datafield tag="245" ind1="0" ind2="0"><subfield code="a">Was ist Seelenmargarine?</subfield><subfield code="b">Raoul Hausmann spricht über die Gesetze der Urlaute als Seelenmargarine in der ersten grossen Merz-Matinee am 30. Dezember 1923 im Tivoli 10 1/2 Vormittags</subfield><subfield code="h">Akzidenz</subfield></datafield><datafield tag="260" ind1=" " ind2=" "><subfield code="a">[Hannover]</subfield><subfield code="b">Tivoli</subfield><subfield code="c">1923</subfield></datafield><datafield tag="300" ind1=" " ind2=" "><subfield code="a">1 Bl.</subfield><subfield code="b">Ill.</subfield><subfield code="c">12,3 x 20,3 cm</subfield></datafield><datafield tag="510" ind1="4" ind2="0"><subfield code="a">Dada global, 1994</subfield><subfield code="c">S. 196, Nr. 127</subfield></datafield><datafield tag="600" ind1="1" ind2="4"><subfield code="a">Schwitters, Kurt</subfield><subfield code="d">1887 - 1948</subfield></datafield><datafield tag="600" ind1="1" ind2="4"><subfield code="a">Hausmann, Raoul</subfield><subfield code="d">1886 - 1971</subfield></datafield><datafield tag="650" ind1="0" ind2="4"><subfield code="a">Veranstaltung</subfield><subfield code="x">Flugblatt</subfield></datafield><datafield tag="651" ind1="0" ind2="4"><subfield code="a">Zürich</subfield><subfield code="x">Kunsthaus Zürich</subfield><subfield code="x">Dadaismus</subfield><subfield code="x">Sammlung</subfield></datafield><datafield tag="651" ind1="0" ind2="4"><subfield code="a">Hannover</subfield><subfield code="x">Tivoli</subfield><subfield code="g">Hannover</subfield></datafield><datafield tag="852" ind1="4" ind2="0"><subfield code="a">CH-000273-5</subfield><subfield code="c">DADA V:65</subfield></datafield><datafield tag="856" ind1="4" ind2="1"><subfield code="u">https://digital.kunsthaus.ch/viewer/image/25910/1/</subfield><subfield code="y">Kunsthaus Zürich Sammlungen online</subfield></datafield></record></collection>